00423nam a2200193Ia 4500003000900000008004100009040001300050040001300063041000800076100001900084245002900103250001200132260002800144260000900172300001100181300001200192490000600204600001900210IT-RoPAU120407s9999 xx 000 0 und d aIT-RoPAU cIT-RoPAU aita aGiovanni Rossi aUomini incontro a Cristo aAssisi  aPro Civitate Christiana c1962 a390 p. c19,5 cm v1 a1. Conversioni